Statistiques concernant Top 15 des lieux les plus visité en France

Cliquez ici pour prendre le quiz!

Statistiques générales

  • Ce quiz a été pris 184 fois
  • Le résultat moyen est 3 sur 15

Statistiques - réponses

HintRéponse% Correct
6 207 303 visiteursTour Eiffel
98%
8 022 300 visiteursLouvre
73%
1 583 260 visiteursArc de Triomphe
59%
14 860 000 visiteursDisneyland Paris
31%
7 714 389 visiteursChâteau de Versailles
28%
2 030 000 visiteursParc Astérix
15%
3 177 842 visiteursMusée d'Orsay
11%
2 000 000 visiteursParc du Futuroscope
11%
2 260 000 visiteursParc du Puy du Fou
9%
3 337 872 visiteursCentre Pompidou
3%
2 439 072 visiteursCité des sciences
2%
1 763 262 visiteursMuseum d'Histoire Naturelle
1%
1 440 694 visiteursZoo parc de Beauval
1%
1 471 741 visiteursChâteau des Ducs de Bretagne
0%
2 154 331 visiteursCité médiévale
0%

Distribution des résultats

Percentile par nombre de réponses

% des personnes avec chaque résultat

Votre développement - résultats

Vous n’avez pas pris ce quiz